[Event "Sverdlovsk Region-ch final"]
[Site "Ekaterinburg"]
[Date "2008.11.29"]
[Round "9"]
[White "Telegin, Valery"]
[Black "Zorin, Alexander"]
[Result "1-0"]
[WhiteElo "2114"]
[BlackElo "2160"]
[PlyCount "63"]
[EventDate "2008.11.23"]
[EventType "swiss"]
[EventRounds "9"]
[EventCountry "RUS"]
[SourceTitle "EXT 2022"]
[Source "ChessBase"]
[SourceDate "2021.10.06"]
[SourceVersion "1"]
[SourceVersionDate "2021.10.06"]
[SourceQuality "1"]

1. c4 c5 2. Nf3 Nf6 3. g3 g6 4. Bg2 Bg7 5. 0-0 0-0 6. d4 cxd4 7. Nxd4 Nc6 8. Nc3 Nxd4 9. Qxd4 d6 10. Qd2 Rb8 11. b3 b6 12. Bb2 Bb7 13. Rfd1 Bxg2 14. Kxg2 Qd7 15. f3 a6 16. e4 Qb7 17. Nd5 Nxd5 18. Bxg7 Ne3+ 19. Qxe3 Kxg7 20. e5 dxe5 21. Qxe5+ Kg8 22. Rd2 Rfd8 23. Rad1 Rxd2+ 24. Rxd2 Rc8 25. h4 h5 26. Rd5 e6 27. Rd6 Qc7 28. Qd4 Rb8 29. b4 e5 30. Qd5 Rc8 31. c5 bxc5 32. Rd7 1-0

[Event "Sverdlovsk Region-ch final"]
[Site "Ekaterinburg"]
[Date "2008.11.25"]
[Round "4"]
[White "Telegin, Valery"]
[Black "Botalova, Yulia"]
[Result "1/2-1/2"]
[WhiteElo "2114"]
[BlackElo "2002"]
[PlyCount "47"]
[EventDate "2008.11.23"]
[EventType "swiss"]
[EventRounds "9"]
[EventCountry "RUS"]
[SourceTitle "EXT 2022"]
[Source "ChessBase"]
[SourceDate "2021.10.06"]
[SourceVersion "1"]
[SourceVersionDate "2021.10.06"]
[SourceQuality "1"]

1. c4 e6 2. Nf3 Nf6 3. Nc3 d5 4. e3 c6 5. d4 Nbd7 6. a3 Bd6 7. Be2 dxc4 8. Bxc4 0-0 9. 0-0 e5 10. h3 exd4 11. Qxd4 Qe7 12. Rd1 Bc7 13. Qh4 Ne5 14. Nxe5 Qxe5 15. Qf4 Qxc3 16. bxc3 Bxf4 17. exf4 Bf5 18. Be3 b6 19. g4 Be4 20. Rd6 Bf3 21. Bd4 Rfd8 22. Rxd8+ Rxd8 23. Bxf6 gxf6 24. Re1 1/2-1/2

[Event "Ekaterinburg UrFO-ch"]
[Site "Ekaterinburg"]
[Date "2008.03.21"]
[Round "7"]
[White "Telegin, Valery"]
[Black "Bolshakov, Anton"]
[Result "0-1"]
[WhiteElo "2105"]
[BlackElo "2279"]
[PlyCount "100"]
[EventDate "2008.03.15"]
[EventType "swiss"]
[EventRounds "9"]
[EventCountry "RUS"]
[SourceTitle "EXT 2009"]
[Source "ChessBase"]
[SourceDate "2008.11.26"]
[SourceVersion "1"]
[SourceVersionDate "2008.11.26"]
[SourceQuality "1"]

1. c4 Nf6 2. Nf3 g6 3. g3 Bg7 4. Bg2 0-0 5. 0-0 Re8 6. Nc3 e5 7. d3 c6 8. Qc2 d5 9. Bg5 h6 10. Bxf6 Bxf6 11. cxd5 cxd5 12. e4 d4 13. Nd5 Nc6 14. b4 a6 15. a4 Be7 16. b5 Nb4 17. Nxe7+ Qxe7 18. Qd2 Qf8 19. Rab1 a5 20. Rfc1 Kg7 21. Rc7 Re7 22. Rcc1 Qd8 23. Rb2 b6 24. Nh4 Raa7 25. f4 f6 26. Rf1 Rac7 27. f5 g5 28. Ng6 Rf7 29. Bf3 Rc3 30. Be2 Rfc7 31. Rfb1 Bd7 32. h4 Rc2 33. Rxc2 Rxc2 34. Qd1 Rc3 35. hxg5 hxg5 36. Bf1 Nc2 37. Qh5 Qg8 38. Rb2 Be8 39. Qh2 Ne3 40. Ne7 Rc1 41. Rf2 Qa2 42. Qh3 g4 43. Qxg4+ Nxg4 44. Rxa2 Ne3 45. Rf2 Bh5 46. Nd5 Bg4 47. Nxb6 Bh3 48. Nc4 Bxf1 49. Nxe3 Bxd3+ 50. Nf1 Bxe4 0-1